000 00639nam a2200181Ia 4500
008 090124s9999 xx 000 0 und d
082 _b122989
100 _aभावे अनंत
245 _a दुरंगी हेराशी सामना ( युध्दकथा )
250 _a1
260 _c1988
300 _a152
600 _aभावे अनंत
630 _a दुरंगी हेराशी सामना ( युध्दकथा )
700 _aभावे अनंत
730 _a दुरंगी हेराशी सामना ( युध्दकथा )
942 _cBOOK
999 _c169075
_d169075